000 00693nam a2200193 4500
005 20260224062741.0
008 260224b |||||||| |||| 00| 0 eng d
020 _a9781666979978
050 _aBV2500
_b.L58 2025
245 _aLiving postcolonial Anglicanism :
_b prospects for a polycentric Anglican Communion /
260 _aNew York, NY, USA :
_bT&T Clark,
_c2025.
300 _avi, 271p.:
_c24 cm.
500 _a Includes bibliographical references and index.
650 _a Anglican Communion
_xHistory
_y21st century Missions
650 _aPostcolonial theology
650 _a Anglican Communion
_xHistory
_y21st century
700 _a Douglas, Ian T.
_eeditor
942 _2lcc
_cBK
999 _c60202
_d60202